|
|
|
|
| LEADER |
01163naa a2200349 a 4500 |
| 001 |
000079998 |
| 003 |
SVKKK |
| 005 |
20060727094035.0 |
| 008 |
c2001 xr e eng |
| FMT |
|
|
|
| 015 |
|
|
|a SNBRA2006/07-ccccc
|
| 038 |
|
|
|a SVKKK
|
| 040 |
|
|
|a SVKKK
|b slo
|e AACR2
|
| 041 |
0 |
|
|a eng
|b eng
|
| 044 |
|
|
|a xr
|c SK
|
| 080 |
|
|
|a 622.333`17
|2 1997
|
| 080 |
|
|
|a 628.54
|2 1997
|
| 080 |
|
|
|a 669.13
|2 1997
|
| 100 |
1 |
|
|a Shpirt, M.Ia.
|4 aut
|
| 242 |
1 |
0 |
|a Štúdium možností využitia odpadu z ťažby a úpravy uhlia vo výrobe liatiny
|
| 245 |
1 |
2 |
|a A study into the potential of using coal mining and preparation wastes in the production of cast iron
|c M.Ia Shpirt, N.P. Gorjunova, A.K.M. Rainbow
|
| 300 |
|
|
|b Tab.
|
| 504 |
|
|
|a Res. angl.
|
| 650 |
0 |
4 |
|a odpady banské uhoľné
|x odpady úpravárenské
|x využitie priemyselné
|x výroba liatiny
|
| 700 |
1 |
|
|a Gorjunova, N.P.
|4 aut
|
| 700 |
1 |
|
|a Rainbow, A.K.M.
|4 aut
|
| 773 |
0 |
|
|t New trends in mineral processing IV, part I
|d Ostrava : Vysoká škola báňská - Technická univerzita, 2001
|z 80-7078-885-2
|g S. 5-8
|
| 992 |
|
|
|a RZB
|
| BAS |
|
|
|
| 852 |
|
|
|a SVKKK
|b BIB
|
| EXP |
|
|
|
| 998 |
|
|
|a BAN
|